书目信息 |
| 题名: |
相声表演漫谈
|
|
| 作者: | 罗荣寿 著 | |
| 分册: | ||
| 出版信息: | 上海 上海文艺出版社 1979 |
|
| 页数: | 128页 | |
| 开本: | 19cm | |
| 丛书名: | 曲艺知识丛书 | |
| 单 册: | ||
| 中图分类: | J826.72 , I233 | |
| 科图分类: | ||
| 主题词: | 相声-表演艺术 , 表演艺术-相声 , 戏剧文学--剧本--中国 | |
| 电子资源: | ||
| ISBN: | ||
| 000 | 00726nam2 2200277 45 | |
| 001 | 1569497667 | |
| 005 | 20150127191908.79 | |
| 010 | @dCNY0.26 | |
| 091 | @aCN@b8078.3124 | |
| 100 | @a19950801d1979 em y0chiy0121 ea | |
| 101 | 0 | @achi |
| 102 | @aCN@b310000 | |
| 105 | @ay z 000yy | |
| 200 | 10 | @a相声表演漫谈@Axiang sheng biao yan man tan@f罗荣寿著 |
| 210 | @a上海@c上海文艺出版社@d1979 | |
| 215 | @a128页@d19cm | |
| 225 | 2 | @a曲艺知识丛书 |
| 410 | 0 | @120010@a曲艺知识丛书 |
| 606 | @a相声-表演艺术 | |
| 606 | @a表演艺术-相声 | |
| 606 | 0 | @a戏剧文学@x剧本@x中国 |
| 690 | @aJ826.72@v3 | |
| 690 | @aI233@v4 | |
| 701 | 0 | @a罗荣寿@Aluo rong shou@4著 |
| 801 | 0 | @aCN@bTSSF@c20150127 |
| 905 | @aZUCC@dI233@eJY28 | |
| 相声表演漫谈/罗荣寿著.-上海:上海文艺出版社,1979 |
| 128页;19cm.-(曲艺知识丛书) |
| ISBN :CNY0.26 |
| ● |
| 相关链接 |
|
|
|
|
正题名:相声表演漫谈
索取号:I233/JY28
 
预约/预借
| 序号 | 登录号 | 条形码 | 馆藏地/架位号 | 状态 | 备注 |
| 1 | 7837482 | 278374821 | 学院路分馆/ [索取号:I233/JY28] | 在馆 |